Adivinhe os Cantões da Suíça pelas bandeiras (Parte 1) - Statistics

Estatísticas Gerais
  • Esse quiz foi jogado 4 vezes
  • A pontuação média é 9 de 16
Estatísticas das Respostas
Imagem Resposta % Correto
Neuchâtel
100%
Genebra
75%
Lucerna
75%
Zurique
75%
Appenzell Interior
50%
Basileia-Campo
50%
Friburgo
50%
Jura
50%
Nidwald
50%
Obwald
50%
São Galo
50%
Schaffhausen
50%
Schwyz
50%
Soleura
50%
Tessino
50%
Zug
50%
Nenhum quiz correspondente encontrado
Distribuição das Pontuações
Porcentagem de Pessoas com Cada Pontuação
Percentil de Números Respondidos
Sua Pontuação Histórica
Você não jogou esse quiz